| 000 | 00000nam##2200000za#4500 |
| 001 | 9.570953 |
| 003 | CaOODSP |
| 005 | 20210624182505 |
| 007 | cr ||||||||||| |
| 008 | 150406|2001||||xxc|||||o f|0| 0 eng|d |
| 040 | |aCaOODSP|beng |
| 043 | |an-cn--- |
| 086 | 1 |aYC25-0/371-3E-PDF |
| 110 | 1 |aCanada. |bParliament. |bSenate. |bStanding Committee on Fisheries and Oceans. |
| 245 | 10|aAquaculture in Canada's Atlantic and Pacific regions : |h[electronic resource]|breport of the Standing Senate Committee on Fisheries / |cThe Honourable Gerald J. Comeau, chair; the Honourable Joan Cook, deputy chair. |
| 260 | |aOttawa - Ontario : |bSenate. |cJune 2001. |
| 300 | |a113p.|breferences, tables |
| 490 | 1 |aReport of the Standing Senate Committee on Fisheries and Oceans|v37th Parliament, 1st Session, [3rd report] |
| 590 | |a11-12-Supp|b2011-07-29 |
| 775 | 08|tL'aquaculture dans les régions canadiennes de l'Atlantique et du Pacifique : |w(CaOODSP)9.601596 |
| 830 | #0|aReport of the Standing Senate Committee on Fisheries and Oceans ;|v37th Parliament, 1st Session, [3rd report]|w(CaOODSP)9.505799 |
| 856 | 40|ahttp://publications.gc.ca|qPDF|s660 KB|uhttps://publications.gc.ca/collections/collection_2011/sen/yc25-0/YC25-0-371-3-eng.pdf|y37th Parliament, 1st Session, [3rd report] |